Enhancing Resilience to Climate Change in the Maldives /

The increased likelihood of adverse climate-change-related shocks calls for building resilient infrastructure in the Maldives. Fulfilling these infrastructure needs requires a comprehensive analysis of investment plans, including with respect to their degree of climate resilience, their impact on fu...

Ամբողջական նկարագրություն

Մատենագիտական մանրամասներ
Հիմնական հեղինակ: Melina, Giovanni
Այլ հեղինակներ: Santoro, Marika
Ձևաչափ: Ամսագիր
Լեզու:English
Հրապարակվել է: Washington, D.C. : International Monetary Fund, 2021.
Շարք:IMF Working Papers; Working Paper ; No. 2021/096
Խորագրեր:
Առցանց հասանելիություն:Full text available on IMF
LEADER 02294cas a2200313 a 4500
001 AALejournalIMF021692
008 230101c9999 xx r poo 0 0eng d
020 |c 18.00 USD 
020 |z 9781513582443 
022 |a 1018-5941 
040 |a BD-DhAAL  |c BD-DhAAL 
100 1 |a Melina, Giovanni. 
245 1 0 |a Enhancing Resilience to Climate Change in the Maldives /  |c Giovanni Melina, Marika Santoro. 
264 1 |a Washington, D.C. :  |b International Monetary Fund,  |c 2021. 
300 |a 1 online resource (21 pages) 
490 1 |a IMF Working Papers 
500 |a <strong>Off-Campus Access:</strong> No User ID or Password Required 
500 |a <strong>On-Campus Access:</strong> No User ID or Password Required 
506 |a Electronic access restricted to authorized BRAC University faculty, staff and students 
520 3 |a The increased likelihood of adverse climate-change-related shocks calls for building resilient infrastructure in the Maldives. Fulfilling these infrastructure needs requires a comprehensive analysis of investment plans, including with respect to their degree of climate resilience, their impact on future economic prospects, and their funding costs and sources. This paper analyzes these challenges, through calibrating a general equilibrium model. The main finding is that there is a significant dividend associated with building resilient infrastructure. Under worsened climate conditions, the cumulative output gain from investing in more resilient technologies increases up to a factor of two. However, given the Maldives' limited fiscal space, particularly after COVID-19, the international community should also step up cooperation efforts. We also show that it is financially convenient for donors to help build resilience prior to the occurrence of a natural disasters rather than helping finance the reconstruction ex-post. 
538 |a Mode of access: Internet 
650 7 |a Capital  |2 imf 
650 7 |a Foreign Exchange  |2 imf 
650 7 |a Informal Economy  |2 imf 
650 7 |a Investment  |2 imf 
650 7 |a Underground Econom  |2 imf 
700 1 |a Santoro, Marika. 
830 0 |a IMF Working Papers; Working Paper ;  |v No. 2021/096 
856 4 0 |z Full text available on IMF  |u http://elibrary.imf.org/view/journals/001/2021/096/001.2021.issue-096-en.xml  |z IMF e-Library